एवरेस्ट की बेटी / (Record no. 99820)

MARC details
000 -LEADER
fixed length control field 00755nam a22001937a 4500
005 - DATE AND TIME OF LATEST TRANSACTION
control field 20160429103646.0
010 ## - LCCN (DPL NO)
LC control number HIN-107415
020 ## - INTERNATIONAL STANDARD BOOK NUMBER
Terms of availability 250.00
International Standard Book Number 9789351865766
035 ## - SYSTEM CONTROL NUMBER
System control number HN-79761
037 ## - SOURCE OF ACQUISITION
Source of stock number/acquisition DBAD/PUB.
082 ## - DEWEY DECIMAL CLASSIFICATION NUMBER
Classification number 920
100 ## - MAIN ENTRY--PERSONAL NAME
Personal name सिन्हा, अरूणिमा
245 ## - TITLE STATEMENT
Title एवरेस्ट की बेटी /
Statement of responsibility, etc अरूणिमा सिन्हा
246 ## - VARYING FORM OF TITLE
Title proper/short title Everest Ki Beti
260 ## - PUBLICATION, DISTRIBUTION, ETC. (IMPRINT)
Place of publication, distribution, etc नई दिल्ली
Name of publisher, distributor, etc प्रभात प्रकाशन
Date of publication, distribution, etc 2016
270 ## - ADDRESS
Address 4/19, आसफ अली रोड,
City नई दिल्ली
Postal code 110002
Electronic mail address prabhatbooks@gmail.com
300 ## - PHYSICAL DESCRIPTION
Extent 160पृ.
Dimensions 22 से.मी (सजिल्द)
942 ## - ADDED ENTRY ELEMENTS (KOHA)
Source of classification or shelving scheme Dewey Decimal Classification
Item type Hindi Books
Classification part 920
Call number suffix सिन्हाअ
Holdings
Withdrawn status Lost status Not for loan Collection code Home library Current library Date acquired Source of acquisition Cost, normal purchase price Full call number Barcode Copy number Cost, replacement price Koha item type
    Not For Loan Non-fiction D.B.Act.Division D.B.Act.Division 29/04/2016 DBAD/PUB. 250.00 920 सिन्हाअ HN-79761 1 250.00 Hindi Books

© Delhi Public Library
Hit Counter
free hit counter